| 000 -LEADER |
| fixed length control field |
01343pab a2200181 454500 |
| 008 - FIXED-LENGTH DATA ELEMENTS--GENERAL INFORMATION |
| fixed length control field |
180718b1998 xxu||||| |||| 00| 0 eng d |
| 100 ## - MAIN ENTRY--PERSONAL NAME |
| Personal name |
Rood, Steven |
| 245 ## - TITLE STATEMENT |
| Title |
An assessment of the state of knowledge concerning decentralized governance under the Philippines 1991 Local Government Code |
| 260 ## - PUBLICATION, DISTRIBUTION, ETC. |
| Date of publication, distribution, etc. |
1998 |
| 300 ## - PHYSICAL DESCRIPTION |
| Extent |
p.58-82 |
| 362 ## - DATES OF PUBLICATION AND/OR SEQUENTIAL DESIGNATION |
| Dates of publication and/or sequential designation |
Jan-Apr |
| 520 ## - SUMMARY, ETC. |
| Summary, etc. |
In 1991 the Philippines began an exercise in decentralization under a new Local Government Code. Significant powers, responsibilities, and resources were devolved from the national to the local level. Implementation began formally in January 1992, and has moved beyond a transition period into institutionalization. There are many debates about the effects of this decentralization effort. Focusing on what knowledge has been produced concerning the new situation, the research includes surveys, key informant interviews, secondary analysis, and consultation among government units or nongovernment organizations (NGOs). A number of different research efforts are surveyed, their results presented and compared, and new directions for research are suggested. - Reproduced |
| 650 ## - SUBJECT ADDED ENTRY--TOPICAL TERM |
| Topical term or geographic name entry element |
Decentralization - Philippines |
| 650 ## - SUBJECT ADDED ENTRY--TOPICAL TERM |
| Topical term or geographic name entry element |
Local government - Philippines |
| 650 ## - SUBJECT ADDED ENTRY--TOPICAL TERM |
| Topical term or geographic name entry element |
Local government |
| 773 ## - HOST ITEM ENTRY |
| Main entry heading |
Philippine Journal of Public Administration |
| 909 ## - |
| -- |
40419 |